[Event "SVK-chT2B 1314"]
[Site "Slovakia"]
[Date "2014.03.16"]
[Round "11.6"]
[White "Zakovicova, Silvia"]
[Black "Uhrik, Lubomir"]
[Result "0-1"]
[WhiteElo "1663"]
[BlackElo "2050"]
[PlyCount "56"]
[EventDate "2013.10.19"]
[EventType "team-tourn"]
[EventRounds "11"]
[EventCountry "SVK"]
[SourceTitle "EXT 2015"]
[Source "ChessBase"]
[SourceDate "2014.11.20"]
[SourceVersion "1"]
[SourceVersionDate "2014.11.20"]
[SourceQuality "1"]
[WhiteTeam "Prievidza II"]
[BlackTeam "Surany"]
[WhiteTeamCountry "SVK"]
[BlackTeamCountry "SVK"]

1. e4 e5 2. Nf3 d6 3. d4 Bg4 4. d5 f5 5. Bb5+ c6 6. dxc6 bxc6 7. Bd3 fxe4 8. Bxe4 d5 9. h3 dxe4 10. Qxd8+ Kxd8 11. Nxe5 Be6 12. 0-0 Kc7 13. Bf4 Kb7 14. Rd1 Nf6 15. Nc3 Bb4 16. Na4 Nbd7 17. Rd4 Be7 18. Nxd7 Bxd7 19. Rad1 Bf5 20. Bd6 Bxd6 21. Rxd6 Kc7 22. Nc5 Nd5 23. R6xd5 cxd5 24. Rxd5 Bg6 25. b4 Kc6 26. c4 Rad8 27. b5+ Kb6 28. Re5 Rhe8 0-1

[Event "SVK-chT2B 1314"]
[Site "Slovakia"]
[Date "2013.11.24"]
[Round "4.5"]
[White "Janco, Darius"]
[Black "Uhrik, Lubomir"]
[Result "1/2-1/2"]
[WhiteElo "2053"]
[BlackElo "2050"]
[PlyCount "106"]
[EventDate "2013.10.19"]
[EventType "team-tourn"]
[EventRounds "11"]
[EventCountry "SVK"]
[SourceTitle "EXT 2015"]
[Source "ChessBase"]
[SourceDate "2014.11.20"]
[SourceVersion "1"]
[SourceVersionDate "2014.11.20"]
[SourceQuality "1"]
[WhiteTeam "Topolcany"]
[BlackTeam "Surany"]
[WhiteTeamCountry "SVK"]
[BlackTeamCountry "SVK"]

1. d4 d5 2. Nf3 Nf6 3. Bg5 Ne4 4. Bf4 Nd7 5. e3 c6 6. c3 Qb6 7. Qb3 Qxb3 8. axb3 e6 9. Nbd2 Ndf6 10. Nxe4 Nxe4 11. Nd2 Nxd2 12. Kxd2 Be7 13. b4 Bd7 14. Bd3 0-0 15. Ra5 a6 16. Rha1 Rac8 17. Bg3 Rfe8 18. Re1 Bf8 19. e4 g6 20. e5 Rc7 21. Raa1 Bc8 22. f4 Bh6 23. Rf1 Rf8 24. Bh4 Bg7 25. g4 f5 26. h3 Rcf7 27. g5 Rd8 28. Bf2 Bf8 29. h4 Rc7 30. h5 Rdd7 31. Rh1 Re7 32. Rh2 Bd7 33. hxg6 hxg6 34. Rah1 Bg7 35. b3 Rc8 36. Be3 Ree8 37. Rh7 Kf7 38. c4 Rh8 39. Kc3 Rxh7 40. Rxh7 Kg8 41. Rh2 Bf8 42. Bd2 Ra8 43. c5 Kg7 44. Rh6 Be7 45. Kb2 Rh8 46. Rxh8 Kxh8 47. b5 cxb5 48. Ba5 Kg7 49. Kc3 Kf7 50. Kb4 Ke8 51. Bb6 Bc8 52. Ka5 Kd7 53. Be2 Kc6 1/2-1/2

[Event "SVK-chT2B 1314"]
[Site "Slovakia"]
[Date "2013.10.20"]
[Round "2.5"]
[White "Blazek, Milos"]
[Black "Uhrik, Lubomir"]
[Result "1-0"]
[WhiteElo "2047"]
[BlackElo "2050"]
[PlyCount "117"]
[EventDate "2013.10.19"]
[EventType "team-tourn"]
[EventRounds "11"]
[EventCountry "SVK"]
[SourceTitle "EXT 2015"]
[Source "ChessBase"]
[SourceDate "2014.11.20"]
[SourceVersion "1"]
[SourceVersionDate "2014.11.20"]
[SourceQuality "1"]
[WhiteTeam "Trencin II"]
[BlackTeam "Surany"]
[WhiteTeamCountry "SVK"]
[BlackTeamCountry "SVK"]

1. e4 d6 2. d4 Nf6 3. Nc3 g6 4. Bg5 Bg7 5. Qd2 h6 6. Bf4 c6 7. 0-0-0 g5 8. Bg3 Nh5 9. Nge2 Nd7 10. f4 Nf8 11. Kb1 gxf4 12. Bxf4 Nxf4 13. Nxf4 Ne6 14. Nce2 Nxf4 15. Nxf4 Bg4 16. Be2 Qd7 17. h3 Bxe2 18. Qxe2 0-0-0 19. Nh5 Rhg8 20. Rhf1 Rdf8 21. Nxg7 Rxg7 22. g4 Rfg8 23. Rf5 Qe6 24. Qf3 f6 25. d5 Qd7 26. Qe3 cxd5 27. exd5 Kb8 28. Qxh6 Qb5 29. Qe3 Rh8 30. b3 Rgh7 31. Rh5 Qc5 32. Qxc5 dxc5 33. Rxh7 Rxh7 34. d6 exd6 35. Rxd6 Rxh3 36. Rxf6 Rg3 37. Rg6 Kc7 38. Kb2 a6 39. a4 Kd7 40. a5 Kc7 41. g5 Kd7 42. Rb6 Kc7 43. g6 Rf3 44. Re6 Rg3 45. Rf6 Kd7 46. Kc1 c4 47. bxc4 Kc7 48. Rf7+ Kc6 49. g7 Rg1+ 50. Kb2 b5 51. Kc3 Rg3+ 52. Kd4 Rg4+ 53. Ke5 bxc4 54. Kf5 Rg1 55. Rf6+ Kd5 56. Rg6 Rf1+ 57. Kg5 Rg1+ 58. Kf6 Rf1+ 59. Ke7 1-0

[Event "SVK-chT2B 1213"]
[Site "Slovakia"]
[Date "2013.02.16"]
[Round "8.3"]
[White "Uhrik, Lubomir"]
[Black "Pinter, Patrik"]
[Result "1/2-1/2"]
[WhiteElo "2055"]
[BlackElo "2164"]
[PlyCount "51"]
[EventDate "2012.10.13"]
[EventType "team-tourn"]
[EventRounds "11"]
[EventCountry "SVK"]
[SourceTitle "EXT 2015"]
[Source "ChessBase"]
[SourceDate "2014.11.20"]
[SourceVersion "1"]
[SourceVersionDate "2014.11.20"]
[SourceQuality "1"]
[WhiteTeam "Surany"]
[BlackTeam "Topolcianky"]
[WhiteTeamCountry "SVK"]
[BlackTeamCountry "SVK"]

1. e4 d6 2. d4 Nf6 3. Nc3 g6 4. f3 c6 5. Be3 Bg7 6. Bd3 Nbd7 7. Nge2 b5 8. a3 a6 9. 0-0 0-0 10. Ng3 c5 11. e5 dxe5 12. dxc5 Bb7 13. Qd2 Nb8 14. Rad1 Nc6 15. Qf2 Qa5 16. Nce4 Nd5 17. Bd2 Qc7 18. Ne2 h6 19. c4 Nf4 20. Nxf4 exf4 21. Bc3 Bxc3 22. Nxc3 bxc4 23. Nd5 Qe5 24. Bxc4 Rad8 25. Rfe1 Qg5 26. Nc3 1/2-1/2

[Event "SVK-chT2B 1213"]
[Site "Slovakia"]
[Date "2012.12.02"]
[Round "4"]
[White "Gazik, Viktor"]
[Black "Uhrik, Lubomir"]
[Result "1-0"]
[WhiteElo "2059"]
[BlackElo "2055"]
[PlyCount "83"]
[EventDate "2012.10.13"]
[EventType "team-tourn"]
[EventRounds "11"]
[EventCountry "SVK"]
[SourceTitle "EXT 2015"]
[Source "ChessBase"]
[SourceDate "2014.11.20"]
[SourceVersion "1"]
[SourceVersionDate "2014.11.20"]
[SourceQuality "1"]
[WhiteTeam "Bojnice"]
[BlackTeam "Surany"]
[WhiteTeamCountry "SVK"]
[BlackTeamCountry "SVK"]

1. e4 e5 2. Nf3 Nc6 3. Bc4 Bc5 4. c3 Nf6 5. d3 0-0 6. 0-0 Be7 7. Bb3 d5 8. Qe2 Bg4 9. h3 Bh5 10. Nbd2 d4 11. Rd1 Nd7 12. Nf1 Nc5 13. Bc2 Ne6 14. g4 Bg6 15. Ba4 f6 16. h4 Kh8 17. Ng3 Nf4 18. Bxf4 exf4 19. Nf5 dxc3 20. bxc3 Ne5 21. h5 Bf7 22. Nxe5 fxe5 23. d4 Bg5 24. dxe5 Qb8 25. Bd7 g6 26. hxg6 hxg6 27. e6 gxf5 28. exf7 Rxf7 29. Bxf5 Qf8 30. Kg2 Re8 31. Rh1+ Kg8 32. Rh5 Qg7 33. Qb5 c6 34. Qc5 Be7 35. Qc4 Kf8 36. Rah1 Bf6 37. Kf3 Be5 38. g5 Rxf5 39. exf5 Qd7 40. f6 Qd5+ 41. Qxd5 cxd5 42. Rh8+ 1-0

[Event "SVK-chT2B 1213"]
[Site "Slovakia"]
[Date "2012.12.01"]
[Round "3"]
[White "Uhrik, Lubomir"]
[Black "Hanko, Pavol"]
[Result "1-0"]
[WhiteElo "2055"]
[BlackElo "2157"]
[PlyCount "93"]
[EventDate "2012.10.13"]
[EventType "team-tourn"]
[EventRounds "11"]
[EventCountry "SVK"]
[SourceTitle "EXT 2015"]
[Source "ChessBase"]
[SourceDate "2014.11.20"]
[SourceVersion "1"]
[SourceVersionDate "2014.11.20"]
[SourceQuality "1"]
[WhiteTeam "Surany"]
[BlackTeam "Prievidza II"]
[WhiteTeamCountry "SVK"]
[BlackTeamCountry "SVK"]

1. d4 Nf6 2. c4 g6 3. Nf3 Bg7 4. Nc3 0-0 5. g3 d6 6. Bg2 Nc6 7. 0-0 a6 8. a3 Rb8 9. b4 b5 10. cxb5 axb5 11. Bb2 Nd7 12. e3 e5 13. d5 Ne7 14. Qe2 Nb6 15. Qxb5 Bd7 16. Qe2 Nexd5 17. Rfd1 Nxc3 18. Bxc3 Na4 19. Rac1 Bb5 20. Qe1 Qe7 21. Ba1 c5 22. Qd2 Rfd8 23. e4 Bc6 24. Ne1 Qb7 25. Qd3 Qa8 26. Nc2 Bh6 27. Rb1 Bb5 28. Qf3 Qa6 29. Re1 Bd2 30. Ne3 Bxe1 31. Rxe1 Qa7 32. Qf6 Qd7 33. Qh4 h5 34. Bh3 Qe8 35. Nd5 Kg7 36. Qf6+ Kh7 37. f4 Bc4 38. Ne3 Be6 39. f5 Bb3 40. Rf1 Qh8 41. fxg6+ fxg6 42. Qg5 Rb7 43. Rf6 Bf7 44. Be6 Qe8 45. Bxf7 Rxf7 46. Qxg6+ Kh8 47. Rxf7 1-0

[Event "SVK-chT2B 1213"]
[Site "Slovakia"]
[Date "2012.10.13"]
[Round "1.2"]
[White "Uhrik, Lubomir"]
[Black "Chlpik, Martin"]
[Result "0-1"]
[WhiteElo "2055"]
[BlackElo "2099"]
[PlyCount "64"]
[EventDate "2012.10.13"]
[EventType "team-tourn"]
[EventRounds "11"]
[EventCountry "SVK"]
[SourceTitle "EXT 2015"]
[Source "ChessBase"]
[SourceDate "2014.11.20"]
[SourceVersion "1"]
[SourceVersionDate "2014.11.20"]
[SourceQuality "1"]
[WhiteTeam "Surany"]
[BlackTeam "Topolcany"]
[WhiteTeamCountry "SVK"]
[BlackTeamCountry "SVK"]

1. d4 Nf6 2. c4 c5 3. d5 b5 4. cxb5 a6 5. b6 d6 6. Nc3 g6 7. Nf3 Bg7 8. e4 0-0 9. Bd3 Qxb6 10. 0-0 Nbd7 11. h3 Ne8 12. Rb1 Nc7 13. Be3 Rb8 14. Qe2 Qb7 15. Bf4 Nf6 16. Rfd1 Bd7 17. Bc4 Nb5 18. Bh2 Nxc3 19. bxc3 Qxb1 20. Rxb1 Rxb1+ 21. Ne1 Nxd5 22. e5 Nxc3 23. Qe3 Nb5 24. Bg3 Nd4 25. Kh2 Nf5 26. Qe4 Rb4 27. Qd3 Nxg3 28. fxg3 Bxe5 29. Nf3 Bf6 30. Bxa6 Bc6 31. Qe3 Ra8 32. a3 Ra4 0-1

[Event "SVK-chT2B 1112"]
[Site "Slovakia"]
[Date "2012.02.26"]
[Round "11.6"]
[White "Gombar, Peter"]
[Black "Uhrik, Lubomir"]
[Result "1/2-1/2"]
[WhiteElo "2033"]
[BlackElo "2080"]
[PlyCount "69"]
[EventDate "2011.10.08"]
[EventType "team-tourn"]
[EventRounds "11"]
[EventCountry "SVK"]
[SourceTitle "EXT 2013"]
[Source "ChessBase"]
[SourceDate "2012.11.22"]
[SourceVersion "1"]
[SourceVersionDate "2012.11.22"]
[SourceQuality "1"]
[WhiteTeam "Belusa Hermes"]
[BlackTeam "Surany Lokomotiva"]
[WhiteTeamCountry "SVK"]
[BlackTeamCountry "SVK"]

1. e4 d6 2. d4 g6 3. Nc3 Bg7 4. Be3 Nf6 5. f3 c6 6. Qd2 0-0 7. 0-0-0 b5 8. h4 h5 9. Bh6 Qa5 10. Bxg7 Kxg7 11. e5 Nh7 12. g4 dxe5 13. gxh5 b4 14. Nb1 Bf5 15. Bd3 exd4 16. Bxf5 Qxf5 17. hxg6 fxg6 18. Qxd4+ Qf6 19. Qxb4 Na6 20. Qc3 Rad8 21. Qxf6+ Nxf6 22. Ne2 Rxd1+ 23. Rxd1 e5 24. Rd6 e4 25. fxe4 Nxe4 26. Rd7+ Kh6 27. b3 Rf1+ 28. Kb2 Rf2 29. Nec3 Nec5 30. Rd2 Rf4 31. Rh2 Kh5 32. Ne2 Rg4 33. Nd2 Nc7 34. Nf3 Nd7 35. a4 1/2-1/2

[Event "SVK-chT2B 1112"]
[Site "Slovakia"]
[Date "2011.10.08"]
[Round "1.5"]
[White "Edes, Zsofia"]
[Black "Uhrik, Lubomir"]
[Result "1/2-1/2"]
[WhiteElo "1989"]
[BlackElo "2080"]
[PlyCount "32"]
[EventDate "2011.10.08"]
[EventType "team-tourn"]
[EventRounds "11"]
[EventCountry "SVK"]
[SourceTitle "EXT 2013"]
[Source "ChessBase"]
[SourceDate "2012.11.22"]
[SourceVersion "1"]
[SourceVersionDate "2012.11.22"]
[SourceQuality "1"]
[WhiteTeam "Komarno KSC II"]
[BlackTeam "Surany Lokomotiva"]
[WhiteTeamCountry "SVK"]
[BlackTeamCountry "SVK"]

1. d4 d5 2. c4 c6 3. Nf3 Nf6 4. e3 g6 5. Nc3 Bg7 6. cxd5 cxd5 7. Qb3 0-0 8. Ne5 a6 9. Bd3 Nbd7 10. Nxd7 Qxd7 11. Na4 Rb8 12. Nb6 Qd6 13. 0-0 Bd7 14. Bd2 Bb5 15. Ba5 Bxd3 16. Qxd3 Nd7 1/2-1/2

[Event "SVK-chT2B 10/11"]
[Site "Slovakia"]
[Date "2011.03.27"]
[Round "11.2"]
[White "Skreno, Vladimir"]
[Black "Uhrik, Lubomir"]
[Result "1-0"]
[WhiteElo "2160"]
[BlackElo "2055"]
[PlyCount "137"]
[EventDate "2010.10.23"]
[EventType "team-tourn"]
[EventRounds "11"]
[EventCountry "SVK"]
[SourceTitle "EXT 2019"]
[Source "ChessBase"]
[SourceDate "2018.10.10"]
[SourceVersion "1"]
[SourceVersionDate "2018.10.10"]
[SourceQuality "1"]
[WhiteTeam "Nitra NSK II"]
[BlackTeam "Surany Lokomotiva"]
[WhiteTeamCountry "SVK"]
[BlackTeamCountry "SVK"]

1. d4 d5 2. Nf3 Nf6 3. c4 c6 4. cxd5 cxd5 5. Nc3 Nc6 6. Bf4 a6 7. e3 e6 8. Be2 Be7 9. 0-0 0-0 10. Rc1 Bd7 11. Ne5 Nxe5 12. Bxe5 Bc6 13. a3 Qb6 14. b4 Ne8 15. Na4 Bxa4 16. Qxa4 Nd6 17. Qd7 Rfe8 18. Qc7 Qxc7 19. Rxc7 Nb5 20. Rxb7 Nxa3 21. Rc1 Kf8 22. Rcc7 Nb5 23. Bxb5 axb5 24. h3 f6 25. Rxe7 Rxe7 26. Bd6 Rae8 27. Rxb5 Kf7 28. Bxe7 Rxe7 29. Kf1 Ra7 30. Ke2 Ra2+ 31. Kf3 h5 32. Rb7+ Kf8 33. g3 Rb2 34. b5 e5 35. b6 exd4 36. exd4 Kg8 37. Rb8+ Kf7 38. b7 Kg6 39. h4 Kf5 40. Rd8 Rxb7 41. Rxd5+ Kg6 42. Kf4 Rb2 43. f3 Rd2 44. Rd7 Rd1 45. d5 Rd2 46. Ke3 Rd1 47. Ke4 Rg1 48. d6 Rd1 49. g4 f5+ 50. gxf5+ Kf6 51. Rd8 Kf7 52. Ke5 Rd3 53. Rd7+ Kf8 54. Kf4 Ra3 55. Rc7 Rd3 56. Rd7 Ra3 57. Ke4 Ra5 58. Re7 Ra4+ 59. Kd5 Rxh4 60. Ke6 Rh1 61. Rf7+ Kg8 62. Rc7 Re1+ 63. Kd7 h4 64. Kc8 Re8+ 65. Kb7 h3 66. d7 Rd8 67. Rc8 h2 68. Rxd8+ Kh7 69. Rh8+ 1-0

[Event "SVK-chT2B 0910"]
[Site "Slovakia"]
[Date "2010.02.07"]
[Round "9.5"]
[White "Kovac, Lubomir2222"]
[Black "Uhrik, Lubomir"]
[Result "1-0"]
[WhiteElo "1976"]
[BlackElo "2044"]
[PlyCount "90"]
[EventDate "2009.10.10"]
[EventType "team"]
[EventRounds "11"]
[EventCountry "SVK"]
[SourceTitle "EXT 2011"]
[Source "ChessBase"]
[SourceDate "2010.11.26"]
[SourceVersion "1"]
[SourceVersionDate "2010.11.26"]
[SourceQuality "1"]
[WhiteTeam "Sala Slovan Duslo"]
[BlackTeam "Surany"]
[WhiteTeamCountry "SVK"]
[BlackTeamCountry "SVK"]

1. d4 Nf6 2. g3 d5 3. Bg2 c6 4. c4 Bf5 5. cxd5 cxd5 6. Nc3 e6 7. Qb3 Qd7 8. Nf3 Nc6 9. a3 Be7 10. 0-0 0-0 11. Bg5 Ne4 12. Bxe7 Qxe7 13. Rfd1 Nd6 14. Nh4 Bg4 15. Nf3 Qf6 16. Rd3 Bxf3 17. Bxf3 Nxd4 18. Qb4 Nc4 19. Qxb7 Ne5 20. Rxd4 Nxf3+ 21. exf3 Qxd4 22. Rd1 Qc4 23. Qb4 Qxb4 24. axb4 a6 25. f4 Rfc8 26. Ra1 Rcb8 27. Ra4 Kf8 28. Kf1 Rc8 29. Ra5 Rab8 30. Rxa6 Rxb4 31. Na4 Rc1+ 32. Kg2 Ra1 33. Nc5 Rxa6 34. Nxa6 Rxb2 35. Nc5 Ke7 36. Kf3 Kd6 37. Nd3 Rb3 38. Ke3 f6 39. f3 Ra3 40. h4 Ra1 41. h5 Rh1 42. g4 f5 43. Ne5 fxg4 44. fxg4 Re1+ 45. Kd4 Re4+ 1-0

[Event "SVK-chT2B 0910"]
[Site "Slovakia"]
[Date "2009.11.08"]
[Round "4"]
[White "Lakatos, Vladimir"]
[Black "Uhrik, Lubomir"]
[Result "0-1"]
[WhiteElo "2170"]
[BlackElo "2044"]
[PlyCount "106"]
[EventDate "2009.10.10"]
[EventType "team"]
[EventRounds "11"]
[EventCountry "SVK"]
[SourceTitle "EXT 2011"]
[Source "ChessBase"]
[SourceDate "2010.11.26"]
[SourceVersion "1"]
[SourceVersionDate "2010.11.26"]
[SourceQuality "1"]
[WhiteTeam "Prievidza II"]
[BlackTeam "Surany"]
[WhiteTeamCountry "SVK"]
[BlackTeamCountry "SVK"]

1. c4 e6 2. g3 d5 3. Bg2 Nf6 4. d4 c6 5. Qb3 Bd6 6. Nc3 Nbd7 7. Nh3 0-0 8. Bf4 dxc4 9. Qxc4 e5 10. dxe5 Bxe5 11. Rd1 Qe7 12. 0-0 Nb6 13. Qd3 Bxh3 14. Bxe5 Qxe5 15. Bxh3 Nbd5 16. Bg2 Nxc3 17. bxc3 Qa5 18. Qc4 Rad8 19. Bf3 h6 20. Rb1 Rd7 21. e4 Re8 22. Rb2 Re5 23. Rfb1 Rc5 24. Qe2 b5 25. e5 Re7 26. Qd2 Rexe5 27. Rb4 Qc7 28. Rd4 Nd5 29. Bxd5 Rcxd5 30. Rd1 Rxd4 31. cxd4 Rd5 32. Qe2 Qd7 33. Kg2 c5 34. Qe4 Rxd4 35. Qa8+ Kh7 36. Rxd4 cxd4 37. Qe4+ g6 38. Qd3 Qd5+ 39. Qf3 Qxa2 40. Qb7 d3 41. Qxb5 d2 42. Qd7 a5 43. h4 h5 44. g4 Qe6 45. Qxd2 Qxg4+ 46. Kf1 a4 47. Qd5 Qe6 48. Qa8 Qb3 49. Kg2 a3 50. Qa7 Qd5+ 51. f3 a2 52. Qa3 Qd2+ 53. Kh3 Qf2 0-1

[Event "SVK-chT2B 0708"]
[Site "Slovakia"]
[Date "2008.01.12"]
[Round "7.1"]
[White "Berek, Geza"]
[Black "Uhrik, Lubomir"]
[Result "1-0"]
[WhiteElo "2169"]
[BlackElo "2061"]
[PlyCount "47"]
[EventDate "2007.10.06"]
[EventType "team-tourn"]
[EventRounds "11"]
[EventCountry "SVK"]
[SourceTitle "EXT 2010"]
[Source "ChessBase"]
[SourceDate "2010.11.25"]
[SourceVersion "1"]
[SourceVersionDate "2010.11.25"]
[SourceQuality "1"]
[WhiteTeam "Batorove Kosihy"]
[BlackTeam "Surany Lokomotiva"]
[WhiteTeamCountry "SVK"]
[BlackTeamCountry "SVK"]

1. e4 c5 2. Nf3 Nc6 3. d4 cxd4 4. Nxd4 Nf6 5. Nc3 d6 6. f3 g6 7. Be3 Bg7 8. Qd2 0-0 9. Bc4 a6 10. 0-0-0 Bd7 11. Kb1 Rc8 12. Bb3 Qa5 13. g4 Rfd8 14. h4 Ne8 15. h5 Nxd4 16. Bxd4 Bxd4 17. hxg6 hxg6 18. Qxd4 Qe5 19. Qxe5 dxe5 20. Nd5 Kf8 21. Nb6 Rc7 22. Ba4 Bxa4 23. Rxd8 Bc6 24. Na8 1-0

[Event "SVK-chT2B 0607"]
[Site "Slovakia"]
[Date "2007.03.18"]
[Round "11.1"]
[White "Uhrik, Lubomir"]
[Black "Marko, Anton"]
[Result "1/2-1/2"]
[WhiteElo "2057"]
[BlackElo "2096"]
[PlyCount "20"]
[EventDate "2006.10.14"]
[EventType "team-tourn"]
[EventRounds "11"]
[EventCountry "SVK"]
[SourceTitle "EXT 2008"]
[Source "ChessBase"]
[SourceDate "2007.11.25"]
[SourceVersion "1"]
[SourceVersionDate "2007.11.25"]
[SourceQuality "1"]
[WhiteTeam "Surany"]
[BlackTeam "Partizanske"]
[WhiteTeamCountry "SVK"]
[BlackTeamCountry "SVK"]

1. e4 g6 2. d4 d6 3. Nf3 Nf6 4. Nbd2 Bg7 5. h3 c6 6. Be2 0-0 7. 0-0 Qc7 8. c4 e5 9. d5 a5 10. b3 Na6 1/2-1/2

[Event "SVK-chT2B 0607"]
[Site "Slovakia"]
[Date "2007.02.03"]
[Round "8.3"]
[White "Uhrik, Lubomir"]
[Black "Lancz, Ondrej"]
[Result "1/2-1/2"]
[WhiteElo "2057"]
[BlackElo "2132"]
[PlyCount "38"]
[EventDate "2006.10.14"]
[EventType "team-tourn"]
[EventRounds "11"]
[EventCountry "SVK"]
[SourceTitle "EXT 2008"]
[Source "ChessBase"]
[SourceDate "2007.11.25"]
[SourceVersion "1"]
[SourceVersionDate "2007.11.25"]
[SourceQuality "1"]
[WhiteTeam "Surany"]
[BlackTeam "Sala"]
[WhiteTeamCountry "SVK"]
[BlackTeamCountry "SVK"]

1. d4 d5 2. c4 e6 3. Nc3 Be7 4. Nf3 Nf6 5. Bf4 0-0 6. e3 c5 7. Be2 Nc6 8. 0-0 cxd4 9. Nxd4 Nxd4 10. exd4 dxc4 11. Bxc4 Bd7 12. d5 exd5 13. Nxd5 Bc6 14. Bc7 Qd7 15. Nxf6+ Bxf6 16. Qxd7 Bxd7 17. Rad1 Bg4 18. f3 Rfc8 19. fxg4 Rxc7 1/2-1/2

[Event "SVK-chT2B 0506"]
[Site "Slovakia"]
[Date "2006.03.11"]
[Round "10.4"]
[White "Pereszlenyi, Gejza"]
[Black "Uhrik, Lubomir"]
[Result "1/2-1/2"]
[WhiteElo "2076"]
[BlackElo "2010"]
[PlyCount "127"]
[EventDate "2005.10.22"]
[EventType "team-tourn"]
[EventRounds "11"]
[EventCountry "SVK"]
[SourceTitle "EXT 2008"]
[Source "ChessBase"]
[SourceDate "2007.11.25"]
[SourceVersion "1"]
[SourceVersionDate "2007.11.25"]
[SourceQuality "1"]

1. e4 e6 2. d4 d5 3. exd5 exd5 4. Nf3 Nf6 5. Bd3 Bg4 6. h3 Bxf3 7. Qxf3 Be7 8. 0-0 0-0 9. Be3 Nbd7 10. Nd2 c6 11. c3 Re8 12. Rfe1 Qb6 13. b4 a5 14. a3 Qc7 15. Bf4 Bd6 16. Bxd6 Qxd6 17. Nf1 axb4 18. axb4 Rxe1 19. Rxe1 Re8 20. Rxe8+ Nxe8 21. g4 Qf6 22. Qe3 Nd6 23. Ng3 g6 24. g5 Qe6 25. Qxe6 fxe6 26. h4 Nb6 27. h5 Kg7 28. h6+ Kf8 29. f4 Na4 30. Ne2 Nb2 31. Bc2 Nb5 32. Kf2 Nd6 33. Nc1 Kf7 34. Ke2 Nbc4 35. Nd3 Nb5 36. Nc5 Nxc3+ 37. Kd3 Na2 38. Nxb7 Nxb4+ 39. Kc3 Nxc2 40. Kxc2 Ne3+ 41. Kc3 Ng2 42. Nd8+ Ke7 43. Nxc6+ Kd6 44. Ne5 Nxf4 45. Kb4 Nh3 46. Nf3 Nf2 47. Ne5 Ne4 48. Nf3 Kc6 49. Ne5+ Kc7 50. Nf3 Kb6 51. Ka4 e5 52. Nxe5 Nxg5 53. Kb4 Ne6 54. Nxg6 Nxd4 55. Nf8 Nc6+ 56. Kc3 Kc5 57. Nxh7 d4+ 58. Kd2 Ne5 59. Ng5 Kd5 60. h7 Ng6 61. Nf3 Ke6 62. Kd3 Kf6 63. h8B+ Nxh8 64. Nxd4 1/2-1/2

[Event "SVK-chT2B 0506"]
[Site "Slovakia"]
[Date "2005.10.22"]
[Round "1.2"]
[White "Uhrik, Lubomir"]
[Black "Prievalsky, Juraj"]
[Result "1-0"]
[WhiteElo "2010"]
[BlackElo "2085"]
[PlyCount "85"]
[EventDate "2005.10.22"]
[EventType "team-tourn"]
[EventRounds "11"]
[EventCountry "SVK"]
[SourceTitle "EXT 2008"]
[Source "ChessBase"]
[SourceDate "2007.11.25"]
[SourceVersion "1"]
[SourceVersionDate "2007.11.25"]
[SourceQuality "1"]

1. d4 Nf6 2. c4 e6 3. Nc3 Bb4 4. Bd2 0-0 5. Nf3 c5 6. e3 d6 7. Bd3 b6 8. 0-0 Bb7 9. d5 Bxc3 10. Bxc3 exd5 11. Bxf6 Qxf6 12. cxd5 Qxb2 13. Ng5 h6 14. Qh5 Qe5 15. Bh7+ Kh8 16. Nxf7+ Rxf7 17. Qxf7 Bxd5 18. Qf5 Nc6 19. Rfd1 Bc4 20. Qxe5 Nxe5 21. Be4 Rd8 22. Bd5 Ba6 23. Rac1 b5 24. Be4 c4 25. h3 b4 26. Rb1 c3 27. Rxb4 Rc8 28. Bc2 Nc4 29. Bd3 Rc6 30. Rb8+ Bc8 31. Bf5 Nb6 32. Bxc8 Nxc8 33. Rc1 Kh7 34. Rb3 Ne7 35. Rbxc3 Ra6 36. a3 Nd5 37. Rd3 Nf6 38. Rc4 d5 39. Rcd4 Rc6 40. f3 Rc2 41. Ra4 Rc7 42. Ra6 Kg6 43. Rxd5 1-0